|
|
|
|
| LEADER |
00000naa2a2200000 4500 |
| 001 |
227051 |
| 005 |
20240131094955.0 |
| 035 |
|
|
|a (RuTPU)RU\TPU\book\247448
|
| 035 |
|
|
|a RU\TPU\book\246984
|
| 090 |
|
|
|a 227051
|
| 100 |
|
|
|a 20121129d1987 k y0rusy50 ca
|
| 101 |
0 |
|
|a rus
|
| 102 |
|
|
|a RU
|
| 200 |
1 |
|
|a Влияние низкотемпературного рентгеновского облучения на распределение внедренных ионов в кристаллах li F
|f Ю. М. Анненков [и др.]
|
| 463 |
|
1 |
|0 (RuTPU)RU\TPU\book\224059
|t Ионно-лучевая модификация материалов, 23-25 июня 1987 г., Черноголовка
|o всесоюзная конференция
|o тезисы оригинальных докладов
|f Академия наук СССР (АН СССР), Институт проблем технологии микроэлектроники и особочистых материалов; под ред. В. И. Зиненко
|v С. 141
|n [Б. и.]
|d 1987
|p 279 с.
|
| 610 |
1 |
|
|a труды учёных ТПУ
|
| 701 |
|
1 |
|a Анненков
|b Ю. М.
|c российский физик
|c профессор Томского политехнического университета, доктор физико-математических наук
|f 1940-
|g Юрий Михайлович
|3 (RuTPU)RU\TPU\pers\25662
|
| 701 |
|
1 |
|a Притулов
|b А. М.
|
| 701 |
|
1 |
|a Франгульян
|b Т. С.
|c росиийскиё учёный в области электроники, диэлектриков и полупроводников
|c ведущий научный сотрудник Томского политехнического университета
|g Тамара Семёновна
|3 (RuTPU)RU\TPU\pers\26534
|
| 701 |
|
1 |
|a Столяренко
|b В. Ф.
|
| 701 |
|
1 |
|a Суржиков
|b А. П.
|c физик
|c профессор Томского политехнического университета, доктор физико-математических наук
|f 1951-
|g Анатолий Петрович
|3 (RuTPU)RU\TPU\pers\22010
|9 9307
|
| 701 |
|
1 |
|a Рыжков
|b В. А.
|c специалист в области ядерной физики
|c старший научный сотрудник Томского политехнического университета, кандидат физико-математических наук
|f 1958-
|g Владислав Андреевич
|3 (RuTPU)RU\TPU\pers\44019
|
| 801 |
|
1 |
|a RU
|b 63413507
|c 20121123
|
| 801 |
|
2 |
|a RU
|b 63413507
|c 20190628
|g RCR
|
| 942 |
|
|
|c BK
|